[Event "Budapest Spring op"]
[Site "Budapest"]
[Date "2016.03.26"]
[Round "8"]
[White "Torok, Tamas"]
[Black "Jagadics, Arnold"]
[Result "1-0"]
[WhiteElo "2097"]
[BlackElo "1876"]
[PlyCount "75"]
[EventDate "2016.03.18"]
[EventType "swiss"]
[EventRounds "9"]
[EventCountry "HUN"]
[SourceTitle "CBM 171 Extra"]
[Source "ChessBase"]
[SourceDate "2016.04.26"]
[SourceVersion "1"]
[SourceVersionDate "2016.04.26"]
[SourceQuality "1"]

1. e4 c5 2. b3 Nc6 3. Bb2 e6 4. f4 d5 5. e5 a6 6. Nf3 Be7 7. Be2 Nh6 8. 0-0 Nf5 9. g4 Nh6 10. h3 b5 11. d4 Qb6 12. Kg2 Bb7 13. c3 0-0 14. Bc1 Kh8 15. Be3 b4 16. Kh2 bxc3 17. Nxc3 cxd4 18. Na4 Qd8 19. Nxd4 Nxd4 20. Qxd4 f5 21. g5 Nf7 22. Nb6 Rb8 23. Qa4 Re8 24. Rac1 Bf8 25. Nd7 Ra8 26. Bb6 Qe7 27. Bc5 Qd8 28. Bxf8 Rxf8 29. Nxf8 Qxf8 30. Rc7 Nd8 31. Rfc1 d4 32. Qd7 Rb8 33. Qxd4 Bd5 34. Qc5 Qe8 35. Qe7 Qxe7 36. Rxe7 Nc6 37. Rc7 g6 38. R1xc6 1-0

[Event "Budapest Spring op"]
[Site "Budapest"]
[Date "2016.03.24"]
[Round "6"]
[White "Torok, Tamas"]
[Black "Piroska, Istvan"]
[Result "0-1"]
[WhiteElo "2097"]
[BlackElo "2096"]
[PlyCount "100"]
[EventDate "2016.03.18"]
[EventType "swiss"]
[EventRounds "9"]
[EventCountry "HUN"]
[SourceTitle "CBM 171 Extra"]
[Source "ChessBase"]
[SourceDate "2016.04.26"]
[SourceVersion "1"]
[SourceVersionDate "2016.04.26"]
[SourceQuality "1"]

1. e4 e5 2. Nf3 Nc6 3. c3 d5 4. Qa4 f6 5. d3 Be6 6. Nbd2 Nge7 7. d4 exd4 8. Nxd4 Bd7 9. Be2 Nxd4 10. Qxd4 dxe4 11. Nxe4 Bf5 12. Qe3 Qd5 13. Bf3 Qb5 14. Nc5 Kf7 15. a4 Qb6 16. a5 Qb5 17. g4 Re8 18. c4 Qxc4 19. Ra4 Qxc5 20. Qxc5 Nd5+ 21. Be3 Bxc5 22. Bxd5+ Be6 23. Bxb7 Bb3 24. Rf4 Bxe3 25. fxe3 Rxe3+ 26. Kd2 Rhe8 27. Ba6 Rh3 28. Bc4+ Bxc4 29. Rxc4 Re7 30. Kc2 Ke8 31. Kb1 Kd8 32. Rd1+ Rd7 33. Rcd4 Rxd4 34. Rxd4+ Ke7 35. Rb4 Kd7 36. Rb7 a6 37. Ra7 Rxh2 38. Rxa6 Rg2 39. Ra8 Rxg4 40. Rb8 Ra4 41. b4 c5 42. bxc5 Rxa5 43. Rb7+ Ke6 44. c6 Rc5 45. Rxg7 Rxc6 46. Rxh7 Rc4 47. Kb2 f5 48. Kb3 Rc1 49. Kb2 Rc8 50. Rh1 f4 0-1

[Event "HUN-chT2 Erkel 1011"]
[Site "Hungary"]
[Date "2010.09.26"]
[Round "2.3"]
[White "Torok, Tamas"]
[Black "Tornai, Imre"]
[Result "0-1"]
[WhiteElo "1840"]
[BlackElo "2175"]
[PlyCount "142"]
[EventDate "2010.09.12"]
[EventType "team-tourn"]
[EventRounds "11"]
[EventCountry "HUN"]
[SourceTitle "EXT 2012"]
[Source "ChessBase"]
[SourceDate "2011.11.24"]
[SourceVersion "1"]
[SourceVersionDate "2011.11.24"]
[SourceQuality "1"]
[WhiteTeam "Pestszentlorinc"]
[BlackTeam "Vaci"]
[WhiteTeamCountry "HUN"]
[BlackTeamCountry "HUN"]

1. e4 c5 2. c3 d6 3. d4 Nd7 4. Nf3 e6 5. Bd3 Ngf6 6. 0-0 Be7 7. h3 Qc7 8. Bf4 e5 9. Be3 0-0 10. dxe5 dxe5 11. c4 Nb8 12. Nc3 Nc6 13. Bg5 Be6 14. Nd5 Qd8 15. Qd2 h6 16. Be3 Bd6 17. Qe2 Nh7 18. Nd2 Qh4 19. f4 exf4 20. Nxf4 Ne5 21. Nxe6 fxe6 22. Rxf8+ Rxf8 23. Rf1 Rd8 24. Bc2 Ng5 25. Bxg5 Qxg5 26. Rd1 Qg3 27. Nf1 Qf4 28. b3 Nc6 29. Qe3 Qe5 30. Rd2 Nd4 31. Bd1 Qf6 32. Rf2 Qe5 33. g3 Nc6 34. Kg2 Qd4 35. Rd2 Qxe3 36. Nxe3 Kf7 37. Bg4 Ke7 38. h4 a6 39. Bd1 b5 40. cxb5 axb5 41. a4 Nd4 42. axb5 Nxb5 43. Nc4 Ra8 44. Nxd6 Nxd6 45. Kf3 Ra3 46. Kf4 g5+ 47. hxg5 hxg5+ 48. Kg4 Nxe4 49. Rg2 Ra1 50. Bc2 Re1 51. Bxe4 Rxe4+ 52. Kxg5 Re3 53. Kf4 Rxb3 54. Rc2 Kd6 55. Rd2+ Kc6 56. g4 Rb4+ 57. Kf3 Rd4 58. Rg2 Kd6 59. g5 Ke7 60. Rh2 Kf7 61. Rh7+ Kg6 62. Rh6+ Kf5 63. Rf6+ Ke5 64. Rf8 Rd7 65. Rc8 Kd4 66. Kf4 c4 67. Ra8 c3 68. Ra1 c2 69. Re1 e5+ 70. Kf5 Rf7+ 71. Kg4 Kd3 0-1

[Event "HUN-chT2 Erkel 0910"]
[Site "Hungary"]
[Date "2010.02.14"]
[Round "6.12"]
[White "Torok, Tamas"]
[Black "Pasztor, Attila"]
[Result "0-1"]
[WhiteElo "1869"]
[BlackElo "1912"]
[PlyCount "56"]
[EventDate "2009.11.08"]
[EventType "team-tourn"]
[EventRounds "11"]
[EventCountry "HUN"]
[SourceTitle "EXT 2011"]
[Source "ChessBase"]
[SourceDate "2010.11.26"]
[SourceVersion "1"]
[SourceVersionDate "2010.11.26"]
[SourceQuality "1"]
[WhiteTeam "Vaci"]
[BlackTeam "Ujszasz"]
[WhiteTeamCountry "HUN"]
[BlackTeamCountry "HUN"]

1. d4 Nf6 2. Nf3 d5 3. c4 c6 4. cxd5 cxd5 5. Nc3 Bf5 6. e3 e6 7. Bb5+ Nbd7 8. 0-0 Bd6 9. Bd2 0-0 10. Rc1 Rc8 11. Nh4 Bg4 12. Nf3 Bb8 13. Be2 Rc6 14. Ne5 Nxe5 15. dxe5 Bxe2 16. Nxe2 Bxe5 17. Rxc6 bxc6 18. Qc2 Qc7 19. f4 Bd6 20. b4 Ne4 21. Rc1 Nxd2 22. Qxd2 Qb6 23. Rb1 a5 24. Rb3 Bxb4 25. Qd3 c5 26. Qd1 c4 27. Rb1 Qxe3+ 28. Kh1 h6 0-1

[Event "HUN-chT2 Erkel 0910"]
[Site "Hungary"]
[Date "2009.12.06"]
[Round "3.12"]
[White "Torok, Tamas"]
[Black "Kovacs, Daniel1111"]
[Result "0-1"]
[WhiteElo "1869"]
[BlackElo "1780"]
[PlyCount "60"]
[EventDate "2009.11.08"]
[EventType "team-tourn"]
[EventRounds "11"]
[EventCountry "HUN"]
[SourceTitle "EXT 2011"]
[Source "ChessBase"]
[SourceDate "2010.11.26"]
[SourceVersion "1"]
[SourceVersionDate "2010.11.26"]
[SourceQuality "1"]
[WhiteTeam "Vaci"]
[BlackTeam "Paszto"]
[WhiteTeamCountry "HUN"]
[BlackTeamCountry "HUN"]

1. d4 d5 2. c4 e6 3. Nf3 Nf6 4. Nc3 Be7 5. e3 0-0 6. c5 a5 7. Bd3 b6 8. cxb6 cxb6 9. Bd2 Nc6 10. a3 Bb7 11. Qc2 h6 12. h3 Nd7 13. g4 Rc8 14. h4 e5 15. Bh7+ Kh8 16. Qf5 g6 17. Bxg6 fxg6 18. Qxg6 Rf6 19. Qh5 Qe8 20. Qxe8+ Rxe8 21. Nxe5 Ncxe5 22. dxe5 Nxe5 23. g5 Rff8 24. Ne2 Nd3+ 25. Kd1 Nxf2+ 26. Kc2 Nxh1 27. Rxh1 d4 28. Rg1 hxg5 29. hxg5 d3+ 30. Kxd3 Ba6+ 0-1

[Event "HUN-ch U14"]
[Site "Balatonlelle"]
[Date "2009.07.05"]
[Round "9"]
[White "Torok, Tamas"]
[Black "Eltigani, Amir"]
[Result "1-0"]
[WhiteElo "1825"]
[BlackElo "1699"]
[PlyCount "79"]
[EventDate "2009.06.27"]
[EventType "swiss"]
[EventRounds "9"]
[EventCountry "HUN"]
[SourceTitle "EXT 2011"]
[Source "ChessBase"]
[SourceDate "2010.11.26"]
[SourceVersion "1"]
[SourceVersionDate "2010.11.26"]
[SourceQuality "1"]

1. d4 d5 2. Nf3 Nf6 3. Bf4 e6 4. c4 dxc4 5. e3 Nd5 6. Bg5 f6 7. Bh4 b5 8. a3 c6 9. Be2 Bd6 10. 0-0 Nd7 11. Nc3 Nxc3 12. bxc3 0-0 13. a4 Qc7 14. Qc2 e5 15. Bg3 Re8 16. Rfb1 Rb8 17. Nh4 Nf8 18. Nf5 Bxf5 19. Qxf5 Re7 20. Qg4 e4 21. Bh4 Ng6 22. Bg3 Bxg3 23. Qxg3 Qxg3 24. hxg3 Reb7 25. axb5 cxb5 26. Ra2 Ne7 27. Rab2 Rb6 28. Ra2 R8b7 29. Rba1 Nd5 30. Ra3 Rc7 31. Rc1 b4 32. cxb4 Rxb4 33. Ra5 c3 34. Rxd5 c2 35. Rb5 a5 36. Kf1 Ra4 37. Ke1 Ra2 38. Rc5 Rxc5 39. dxc5 a4 40. Bc4+ 1-0

[Event "HUN-ch U14"]
[Site "Balatonlelle"]
[Date "2009.07.03"]
[Round "7"]
[White "Koszo, Attila"]
[Black "Torok, Tamas"]
[Result "1/2-1/2"]
[WhiteElo "1724"]
[BlackElo "1825"]
[PlyCount "51"]
[EventDate "2009.06.27"]
[EventType "swiss"]
[EventRounds "9"]
[EventCountry "HUN"]
[SourceTitle "EXT 2011"]
[Source "ChessBase"]
[SourceDate "2010.11.26"]
[SourceVersion "1"]
[SourceVersionDate "2010.11.26"]
[SourceQuality "1"]

1. d4 Nf6 2. c4 g6 3. Nc3 d5 4. Qb3 dxc4 5. Qxc4 Bg7 6. e4 0-0 7. Nf3 Bg4 8. Be3 Nbd7 9. Be2 Nb6 10. Qd3 Bxf3 11. gxf3 c6 12. 0-0-0 Qc7 13. f4 Rfd8 14. Qc2 e6 15. Rhg1 Nbd7 16. Kb1 Rdc8 17. Rg2 b5 18. f5 exf5 19. exf5 b4 20. Ne4 Nxe4 21. Qxe4 Nf6 22. Qh4 a5 23. fxg6 hxg6 24. Bc4 Nd5 25. Rdg1 Qd6 26. Rg3 1/2-1/2

[Event "HUN-ch U14"]
[Site "Balatonlelle"]
[Date "2009.07.01"]
[Round "5"]
[White "Rakhely, Marcell Matyas"]
[Black "Torok, Tamas"]
[Result "0-1"]
[WhiteElo "1542"]
[BlackElo "1825"]
[PlyCount "128"]
[EventDate "2009.06.27"]
[EventType "swiss"]
[EventRounds "9"]
[EventCountry "HUN"]
[SourceTitle "EXT 2011"]
[Source "ChessBase"]
[SourceDate "2010.11.26"]
[SourceVersion "1"]
[SourceVersionDate "2010.11.26"]
[SourceQuality "1"]

1. e4 d5 2. exd5 Nf6 3. Nf3 Nxd5 4. d4 g6 5. Bc4 c6 6. 0-0 Bg7 7. c3 Nd7 8. Re1 N7f6 9. h3 0-0 10. Bd2 Qb6 11. Qc1 Re8 12. Bb3 a5 13. Na3 a4 14. Bc2 Qa6 15. Ne5 b5 16. Bd3 Nd7 17. Ng4 f5 18. Ne3 Nxe3 19. Bxe3 e5 20. dxe5 Nxe5 21. Bd4 Bd7 22. Bf1 Nf7 23. Bxg7 Kxg7 24. Qd2 Qa7 25. Nc2 Rad8 26. Qf4 Qb8 27. Qd4+ Kg8 28. Qf6 Rxe1 29. Rxe1 Re8 30. Rd1 Re6 31. Qh4 Re4 32. Qf6 Re6 33. Qh4 Re4 34. Qg3 Qxg3 35. fxg3 Be6 36. Nd4 Bd5 37. a3 Ng5 38. Nxb5 Bb3 39. Rd8+ Kg7 40. Nd4 Re1 41. Nxb3 axb3 42. Rd2 Ne4 43. Re2 Rb1 44. g4 Ng3 45. Rf2 f4 46. a4 g5 47. a5 Ra1 48. a6 c5 49. Rf3 Nxf1 50. Rxf1 Rxa6 51. Kh2 Ra2 52. Rf2 Kf6 53. Re2 Ra6 54. Kg1 Re6 55. Kf2 Rxe2+ 56. Kxe2 c4 57. Kd2 Ke5 58. Ke1 Ke4 59. Ke2 h6 60. Kd2 f3 61. gxf3+ Kxf3 62. Kd1 Kg3 63. Ke2 Kxh3 64. Kf3 Kh4 0-1

[Event "Budapest Spring op 25th"]
[Site "Budapest"]
[Date "2009.03.27"]
[Round "8"]
[White "Torok, Tamas"]
[Black "Tate, Alan"]
[Result "1/2-1/2"]
[WhiteElo "2087"]
[BlackElo "2170"]
[PlyCount "108"]
[EventDate "2009.03.20"]
[EventType "swiss"]
[EventRounds "9"]
[EventCountry "HUN"]
[SourceTitle "CBM 129 Extra"]
[Source "ChessBase"]
[SourceDate "2009.05.05"]
[SourceVersion "2"]
[SourceVersionDate "2009.05.20"]
[SourceQuality "1"]

1. e4 c5 2. Bc4 Nc6 3. Nf3 g6 4. c3 Bg7 5. d4 d6 6. d5 Nb8 7. 0-0 Nf6 8. Bd3 0-0 9. h3 e6 10. c4 exd5 11. exd5 Na6 12. Nc3 Nc7 13. a4 a6 14. Bf4 Rb8 15. a5 b5 16. axb6 Na8 17. Qd2 Nxb6 18. Bh6 Re8 19. Bxg7 Kxg7 20. Rfe1 Rxe1+ 21. Rxe1 Nbd7 22. Re2 Nh5 23. g4 Nhf6 24. Qf4 Qf8 25. Nd1 Ng8 26. h4 Ndf6 27. Ne3 h5 28. g5 Ng4 29. Nd1 Rb6 30. Bc2 Bd7 31. b3 Ne7 32. Nh2 Ng8 33. Nxg4 Bxg4 34. f3 Bd7 35. Nc3 Qd8 36. Qe3 Rb7 37. Re1 Bh3 38. Ne4 Bf5 39. Qc3+ Kh7 40. Ng3 Bxc2 41. Qxc2 Re7 42. Ne4 Re5 43. Qc3 Re7 44. Ra1 Qd7 45. Kg2 Rxe4 46. fxe4 Qg4+ 47. Qg3 Qe2+ 48. Kh3 Qxe4 49. Re1 Qf5+ 50. Kg2 Qd7 51. Qf4 Kg7 52. Qe4 Kf8 53. Ra1 Ne7 54. Rxa6 Kg7 1/2-1/2

[Event "Budapest Spring op 25th"]
[Site "Budapest"]
[Date "2009.03.25"]
[Round "6"]
[White "Torok, Tamas"]
[Black "Somogyi, Istvan"]
[Result "1/2-1/2"]
[WhiteElo "2087"]
[BlackElo "2224"]
[PlyCount "38"]
[EventDate "2009.03.20"]
[EventType "swiss"]
[EventRounds "9"]
[EventCountry "HUN"]
[SourceTitle "CBM 129 Extra"]
[Source "ChessBase"]
[SourceDate "2009.05.05"]
[SourceVersion "2"]
[SourceVersionDate "2009.05.20"]
[SourceQuality "1"]

1. e4 c5 2. Nf3 e6 3. d4 cxd4 4. Nxd4 Nc6 5. Nc3 Qc7 6. g3 a6 7. Bg2 Nf6 8. 0-0 Be7 9. Re1 d6 10. Nxc6 bxc6 11. e5 dxe5 12. Rxe5 0-0 13. Bf4 Qb7 14. Re1 Nd5 15. Nxd5 exd5 16. Be5 Rd8 17. Qd4 Bf8 18. c4 Be6 19. Rad1 Rd7 1/2-1/2

[Event "Budapest Spring op 25th"]
[Site "Budapest"]
[Date "2009.03.22"]
[Round "3"]
[White "Lengyel, Bela"]
[Black "Torok, Tamas"]
[Result "1/2-1/2"]
[WhiteElo "2268"]
[BlackElo "2087"]
[PlyCount "32"]
[EventDate "2009.03.20"]
[EventType "swiss"]
[EventRounds "9"]
[EventCountry "HUN"]
[SourceTitle "CBM 129 Extra"]
[Source "ChessBase"]
[SourceDate "2009.05.05"]
[SourceVersion "2"]
[SourceVersionDate "2009.05.20"]
[SourceQuality "1"]

1. e4 e5 2. Nf3 Nc6 3. Bb5 Nd4 4. Nxd4 exd4 5. 0-0 c6 6. Bc4 Nf6 7. d3 d5 8. Bb3 dxe4 9. dxe4 Bc5 10. e5 Nd5 11. c3 dxc3 12. Nxc3 Nxc3 13. Qxd8+ Kxd8 14. bxc3 Be6 15. Bxe6 fxe6 16. Re1 Kc7 1/2-1/2

[Event "Budapest FS12 FM-A"]
[Site "Budapest"]
[Date "2008.12.10"]
[Round "5"]
[White "Torok, Tamas"]
[Black "Mayer, Istvan"]
[Result "1/2-1/2"]
[WhiteElo "2109"]
[BlackElo "2136"]
[PlyCount "34"]
[EventDate "2008.12.06"]
[EventType "tourn"]
[EventRounds "10"]
[EventCountry "HUN"]
[SourceTitle "CBM 127 Extra"]
[Source "ChessBase"]
[SourceDate "2009.01.08"]
[SourceVersion "2"]
[SourceVersionDate "2009.01.28"]
[SourceQuality "1"]

1. e4 e6 2. c4 d5 3. exd5 exd5 4. cxd5 Nf6 5. Bb5+ Bd7 6. Bc4 b5 7. Bb3 Be7 8. Nf3 0-0 9. 0-0 Bf5 10. d4 Nxd5 11. Nc3 Nxc3 12. bxc3 Nc6 13. Bf4 Rb8 14. d5 Na5 15. Qd4 Rb6 16. Rfe1 Bd6 17. Be5 f6 1/2-1/2

[Event "Budapest FS02 FM-A"]
[Site "Budapest"]
[Date "2008.02.09"]
[Round "8"]
[White "Torok, Tamas"]
[Black "Lakat, Gyula"]
[Result "1/2-1/2"]
[WhiteElo "2051"]
[BlackElo "1964"]
[PlyCount "22"]
[EventDate "2008.02.02"]
[EventType "tourn"]
[EventRounds "9"]
[EventCountry "HUN"]
[SourceTitle "CBM 122 Extra"]
[Source "ChessBase"]
[SourceDate "2008.03.04"]
[SourceVersion "1"]
[SourceVersionDate "2008.03.04"]
[SourceQuality "1"]

1. e4 d6 2. d4 g6 3. Nc3 Bg7 4. Be3 Nf6 5. f3 0-0 6. Qd2 e5 7. dxe5 dxe5 8. 0-0-0 Qxd2+ 9. Rxd2 Be6 10. g4 Nc6 11. g5 Nh5 1/2-1/2

[Event "Budapest FS07 FM-A"]
[Site "Budapest"]
[Date "2007.07.13"]
[Round "7"]
[White "Torok, Tamas"]
[Black "Darazs, Zoltan"]
[Result "0-1"]
[WhiteElo "2073"]
[BlackElo "2246"]
[PlyCount "40"]
[EventDate "2007.07.07"]
[EventType "tourn"]
[EventRounds "11"]
[EventCountry "HUN"]
[SourceTitle "EXT 2010"]
[Source "ChessBase"]
[SourceDate "2010.11.25"]
[SourceVersion "1"]
[SourceVersionDate "2010.11.25"]
[SourceQuality "1"]

1. b3 c5 2. Bb2 Nc6 3. e3 d5 4. Nf3 Bg4 5. Be2 Nf6 6. c4 d4 7. d3 e5 8. 0-0 Be7 9. Nbd2 Bf5 10. Nh4 Be6 11. e4 Qd7 12. g3 g5 13. Ng2 Bh3 14. Kh1 0-0-0 15. Nf3 Rdg8 16. Ng1 h5 17. Nxh3 Qxh3 18. f3 g4 19. Kg1 h4 20. gxh4 g3 0-1

[Event "Budapest FS07 FM-A"]
[Site "Budapest"]
[Date "2007.07.12"]
[Round "6"]
[White "Kirby, Peter J"]
[Black "Torok, Tamas"]
[Result "1-0"]
[WhiteElo "2049"]
[BlackElo "2073"]
[PlyCount "119"]
[EventDate "2007.07.07"]
[EventType "tourn"]
[EventRounds "11"]
[EventCountry "HUN"]
[SourceTitle "EXT 2010"]
[Source "ChessBase"]
[SourceDate "2010.11.25"]
[SourceVersion "1"]
[SourceVersionDate "2010.11.25"]
[SourceQuality "1"]

1. e4 e5 2. Nf3 Nc6 3. Bb5 Nd4 4. Nxd4 exd4 5. 0-0 Ne7 6. d3 Nc6 7. Nd2 g6 8. f4 Bg7 9. Nf3 0-0 10. f5 d6 11. fxg6 hxg6 12. Bg5 Ne7 13. Bc4 d5 14. Bxd5 Qd6 15. Bb3 Be6 16. Qe1 Bxb3 17. axb3 f6 18. Bd2 Rae8 19. Bb4 c5 20. Bd2 Nc6 21. Qh4 a6 22. Bf4 Qd7 23. Qg3 Re6 24. Rae1 g5 25. Bd2 Ne5 26. Nxe5 Rxe5 27. h3 Rf7 28. Rf3 Qe8 29. Rf5 Rxf5 30. exf5 Re7 31. Rxe7 Qxe7 32. Qe1 Qd7 33. Qe4 Bf8 34. Kf2 Bd6 35. Kf3 Kf7 36. Qd5+ Kg7 37. Kg4 Qc7 38. Qf3 b5 39. Be1 Bf4 40. Bg3 Bxg3 41. Qxg3 Qe7 42. Qf3 Qd6 43. Kh5 Qb8 44. Kg4 Qh2 45. Qg3 Qg1 46. Kh5 Qd1+ 47. Qf3 Qxf3+ 48. gxf3 Kh7 49. Kg4 Kh6 50. f4 gxf4 51. Kxf4 Kh5 52. Ke4 Kg5 53. h4+ Kxh4 54. Kd5 Kg5 55. Kxc5 Kxf5 56. Kxd4 Ke6 57. b4 Kd6 58. c4 Kc6 59. b3 a5 60. bxa5 1-0

[Event "Budapest FS07 FM-A"]
[Site "Budapest"]
[Date "2007.07.11"]
[Round "5"]
[White "Torok, Tamas"]
[Black "Mizsei, Janos"]
[Result "1/2-1/2"]
[WhiteElo "2073"]
[BlackElo "2118"]
[PlyCount "135"]
[EventDate "2007.07.07"]
[EventType "tourn"]
[EventRounds "11"]
[EventCountry "HUN"]
[SourceTitle "EXT 2010"]
[Source "ChessBase"]
[SourceDate "2010.11.25"]
[SourceVersion "1"]
[SourceVersionDate "2010.11.25"]
[SourceQuality "1"]

1. e4 e6 2. b3 d5 3. Bb2 Nf6 4. exd5 exd5 5. Nf3 Be7 6. Be2 0-0 7. 0-0 Nc6 8. d4 h6 9. c4 Be6 10. a3 Ne4 11. Bd3 Bg4 12. Re1 Ng5 13. Be2 Nxf3+ 14. Bxf3 Bxf3 15. Qxf3 Bf6 16. cxd5 Nxd4 17. Bxd4 Bxd4 18. Ra2 Qd6 19. Rd1 Rfe8 20. g3 Rad8 21. Rad2 Bf6 22. b4 Qe5 23. Rd3 Qe2 24. Qxe2 Rxe2 25. Kf1 Ra2 26. Re1 Kf8 27. Nd2 Rxd2 28. Rxd2 Bc3 29. Rc2 Bxe1 30. Kxe1 Rd7 31. Ke2 Ke7 32. Ke3 Kd6 33. Kd4 Re7 34. f4 f5 35. Rc5 Re1 36. Ra5 a6 37. Rc5 Rd1+ 38. Ke3 Rxd5 39. Rc3 b5 40. Kf3 c5 41. bxc5+ Rxc5 42. Rd3+ Rd5 43. Rc3 a5 44. Ke3 Rc5 45. Rd3+ Kc6 46. Rb3 Rc2 47. Kd4 a4 48. Re3 Rc4+ 49. Kd3 Re4 50. Rf3 b4 51. axb4 Kb5 52. Kc3 Rxb4 53. Kc2 Re4 54. Kb2 Kb4 55. Rf2 Re3 56. Rd2 g6 57. Rc2 Rb3+ 58. Ka2 g5 59. fxg5 hxg5 60. Rf2 a3 61. Rxf5 Rb2+ 62. Ka1 g4 63. Rf8 Rxh2 64. Rb8+ Kc3 65. Rc8+ Kd3 66. Rg8 Kc3 67. Rc8+ Kd4 68. Rg8 1/2-1/2